00971 a2200205 45000010006000000050017000060080041000230030015000640400040000790800083001192450054002020200018002562640058002743000019003325050340003510410008006911000023006997000020007227000023007425322620260407155806.0260407a1987 arg spa dAR-UNSa-BCEJYS aAR-UNSa-BCEJYSbspacAR-UNSa-BCEJYS a338.45xIndustria como sector económico. Producción comercial, industrial 10aBienes de capital y tecnologia en el tercer mundo a950-25-1322-3 1aBuenos Aires :bCentro Editor de America Latinac1987 a218 p.c21 cm. a1. Productos, tecnología y estructura industrial - 2. Ingreso en la producción de bienes de capital - 3. Producción de bienes de capital complejos en Brasil, India y Corea - 4. Producción de bienes de capital complejos:La experiencia de China - 5. El ingreso en la producción de máquinas herramientas de base electrónica  aspa1 aChudnovsky, Daniel1 aNagao, Masafumi1 aJacobsson, Staffan